| 000 | 00480nam a22001457a 4500 | ||
|---|---|---|---|
| 003 | MACL | ||
| 005 | 20170624124735.0 | ||
| 008 | 170624b xxu||||| |||| 00| 0 eng d | ||
| 040 | _c MACL | ||
| 100 |
_aवाजपेयी, सौरभ _967810 |
||
| 245 | _a150 श्रेष्ठ बाल कविताऍं | ||
| 260 |
_aदिल्ली _bआधुनिक प्रकाशन _c2016 |
||
| 650 |
_aचिल्ड्रन _967811 |
||
| 942 |
_2ddc _cHIN |
||
| 999 |
_c56649 _d56649 |
||